000 00434cam a22001097a 4500
008 180718b xxu||||| |||| 00| 0 eng d
082 _aT19x54115 Ar84
245 _aEconomic survey, Arunachal Pradesh
_cby Directorate of Economics and Statistics, Arunachal Pradesh
260 _aShillong
_bGovernment of Arunachal Pradesh
_c
500 _aContents: Library has 1982, 1984
700 _aArunachal Pradesh. Directorate of Economics and Statistics
999 _c497301
_d497301